[Event "Solingen-ch"]
[Site "Solingen"]
[Date "2015.10.14"]
[Round "4"]
[White "Mentzel, Markus"]
[Black "Barche, Uwe"]
[Result "1-0"]
[WhiteElo "1950"]
[BlackElo "1412"]
[PlyCount "71"]
[EventDate "2015.09.04"]
[EventType "swiss"]
[EventRounds "7"]
[EventCountry "GER"]
[SourceTitle "EXT 2018"]
[Source "ChessBase"]
[SourceDate "2017.10.13"]
[SourceVersion "1"]
[SourceVersionDate "2017.10.13"]
[SourceQuality "1"]

1. Nf3 Nf6 2. d4 e6 3. c4 d5 4. Nc3 Be7 5. Bf4 c6 6. e3 Nbd7 7. Bd3 h6 8. 0-0 0-0 9. c5 Re8 10. h3 b6 11. b4 bxc5 12. bxc5 Qa5 13. Qc2 Ba6 14. Bxa6 Qxa6 15. Rfb1 Qc8 16. Rb2 Bd8 17. Qa4 Bc7 18. Qxc6 Bxf4 19. Qxc8 Rexc8 20. exf4 g6 21. Rab1 a6 22. Ne5 Rc7 23. Na4 Kg7 24. Kf1 Nxe5 25. fxe5 Nd7 26. Nb6 Raa7 27. Nxd7 Rxd7 28. Rb6 g5 29. R1b3 Rdc7 30. a4 Kg6 31. g4 Kg7 32. a5 Kg6 33. Ke2 h5 34. Rd6 h4 35. Rbb6 Rcb7 36. Kd2 1-0

[Event "Solingen-ch"]
[Site "Solingen"]
[Date "2013.12.13"]
[Round "7"]
[White "Ferger, Juergen"]
[Black "Mentzel, Markus"]
[Result "1/2-1/2"]
[WhiteElo "1852"]
[BlackElo "1760"]
[PlyCount "47"]
[EventDate "2013.09.13"]
[EventType "swiss"]
[EventRounds "7"]
[EventCountry "GER"]
[SourceTitle "EXT 2015"]
[Source "ChessBase"]
[SourceDate "2014.11.20"]
[SourceVersion "1"]
[SourceVersionDate "2014.11.20"]
[SourceQuality "1"]

1. d4 d5 2. c4 c6 3. Nc3 Nf6 4. Bg5 e6 5. e3 Be7 6. Nf3 h6 7. Bh4 Ne4 8. Bxe7 Qxe7 9. Nxe4 dxe4 10. Nd2 f5 11. f3 exf3 12. Qxf3 0-0 13. Be2 Nd7 14. c5 e5 15. Nc4 e4 16. Qh5 Nf6 17. Qh4 Be6 18. Ne5 Nd5 19. Qxe7 Nxe7 20. 0-0 Rf6 21. Bc4 Bxc4 22. Nxc4 Nd5 23. Rae1 g6 24. Re2 1/2-1/2